000
00294nam a2200109 4500
999
_c
10429
_d
10429
008
180829b ||||| |||| 00| 0 eng d
245
_a
In search of human rights.
260
_a
Philippines
_b
The Philippine Star
_c
c2017
300
_a
page D2.
650
0
_9
30609
_a
Human rights.
942
_2
ddc
_c
PER